[Event "Nordic Girls CC 2025 U20"]
[Site "Fredericia"]
[Date "2025.04.25"]
[Round "1.1"]
[White "Helgadottir, Idunn"]
[Black "Lindstad, Livia"]
[Result "1-0"]
[WhiteElo "1788"]
[BlackElo "2009"]
[EventDate "2025.04.25"]
[EventType "swiss"]
[EventRounds "5"]
[EventCountry "DEN"]
[SourceTitle "Live v. Kasper Jerwiarz"]

1. d4 Nf6 2. c4 e6 3. Nf3 b6 4. a3 Ba6 5. e3 Be7 6. Bd3 c5 7. d5 exd5 8. cxd5 Bxd3 9. Qxd3 d6 10. Nc3 Nbd7 11. O-O O-O 12. e4 Re8 13. Re1 Ng4 14. Bf4 Bf8 15. Nd2 Qf6 16. Qg3 Nde5 17. h3 Nh6 18. Ne2 Kh8 19. Bg5 Nf5 20. exf5 Qxf5 21. Nc3 h6 22. Be3 g5 23. f4 gxf4 24. Bxf4 Bg7 25. Rf1 Nd3 26. Bxh6 Bd4+ 27. Kh2 Qh7 28. Nc4 Rg8 29. Qf3 Nxb2 30. Nxd6 f6 31. Be3 Bxc3 32. Ne4 Be5+ 33. Bf4 Qf5 34. Bxe5 Qxe5+ 35. Kh1 Raf8 36. Nxf6 Rg5 37. Rae1 Qg3 38. Re7 Qh4 39. Qc3 Rg7 40. Rxg7 Qd4 41. Rh7# 1-0

[Event "Nordic Girls CC 2025 U20"]
[Site "Fredericia"]
[Date "2025.04.25"]
[Round "1.2"]
[White "Ostensson, Julia"]
[Black "Christensen, Astrid Bigum"]
[Result "1-0"]
[WhiteElo "1986"]
[BlackElo "1783"]
[EventDate "2025.04.25"]
[EventType "swiss"]
[EventRounds "5"]
[EventCountry "DEN"]
[SourceTitle "Live v. Kasper Jerwiarz"]

1. d4 f5 2. Nf3 e6 3. g3 Nf6 4. Bg2 d5 5. O-O c6 6. c4 Bd6 7. b3 O-O 8. Bb2 Bd7 9. Nbd2 Be8 10. Ne5 Nbd7 11. Rc1 Rc8 12. Qc2 Bh5 13. Qd3 Ne4 14. Nxe4 fxe4 15. Qd2 Nxe5 16. dxe5 Be7 17. Rcd1 Bg5 18. Qc2 Bg6 19. Qc3 Qe8 20. Ba3 Be7 21. Bc1 Bc5 22. b4 Bb6 23. Bb2 Bh5 24. Qc2 Qf7 25. c5 Bc7 26. f3 exf3 27. exf3 a5 28. a3 Bg6 29. Qe2 axb4 30. axb4 h5 31. f4 Bf5 32. Bf3 g6 33. Ra1 Bh3 34. Rf2 Ra8 35. Qd1 b5 36. Bd4 Qf5 37. Rfa2 Rxa2 38. Rxa2 h4 39. Be3 Bb8 40. g4 Qf7 41. Qe1 Bxe5 42. Qxh4 Bxf4 43. Bd4 e5 44. Bf2 Qh7 45. Bd1 Qxh4 46. Bxh4 Be3+ 47. Bf2 Bxf2+ 48. Rxf2 1-0

[Event "Nordic Girls CC 2025 U20"]
[Site "Fredericia"]
[Date "2025.04.25"]
[Round "1.3"]
[White "Kongskov, Andrea"]
[Black "Harshavardhini, M S"]
[Result "0-1"]
[WhiteElo "1752"]
[BlackElo "1871"]
[EventDate "2025.04.25"]
[EventType "swiss"]
[EventRounds "5"]
[EventCountry "DEN"]
[SourceTitle "Live v. Kasper Jerwiarz"]

1. e4 c5 2. Nf3 d6 3. d4 cxd4 4. Nxd4 Nf6 5. Nc3 a6 6. Be2 e6 7. O-O Be7 8. Be3 Qc7 9. f4 b5 10. a3 Bb7 11. Bf3 Nbd7 12. f5 e5 13. Nb3 Nb6 14. Na5 Nc4 15. Nxc4 Qxc4 16. Qd3 Rc8 17. Rad1 O-O 18. Bg5 Rfd8 19. Bxf6 Bxf6 20. Qxc4 Rxc4 21. Be2 Rc5 22. Rd3 Kf8 23. g4 Ke7 24. h4 h6 25. Rh3 d5 26. exd5 Bxd5 27. Nxd5+ Rdxd5 28. Bd3 Rd4 29. g5 hxg5 30. hxg5 Bxg5 31. Rh8 Rg4+ 32. Kf2 e4 33. Be2 Rxc2 34. Rd1 Rf4+ 35. Ke3 Rh4+ 0-1

[Event "Nordic Girls CC 2025 U20"]
[Site "Fredericia"]
[Date "2025.04.25"]
[Round "1.4"]
[White "Bruntse, Kathrine Lindegaard"]
[Black "Karaliute, Urte"]
[Result "1-0"]
[WhiteElo "1864"]
[BlackElo "1580"]
[EventDate "2025.04.25"]
[EventType "swiss"]
[EventRounds "5"]
[EventCountry "DEN"]
[SourceTitle "Live v. Kasper Jerwiarz"]

1. d4 e6 2. c4 Nf6 3. Nf3 c5 4. d5 b5 5. Bg5 exd5 6. cxd5 d6 7. e4 a6 8. a4 Qa5+ 9. Qd2 b4 10. Bd3 Nbd7 11. O-O Be7 12. b3 h6 13. Be3 Bb7 14. Qc2 Ng4 15. Bc1 Nge5 16. Nxe5 dxe5 17. Nd2 Qc7 18. Nc4 Nb6 19. Ne3 a5 20. Nf5 O-O 21. Qe2 Bc8 22. Nxe7+ Qxe7 23. f4 Nd7 24. Be3 exf4 25. Bxf4 Ne5 26. Bb5 Bg4 27. Qb2 Ng6 28. e5 Nxf4 29. Rxf4 Bd7 30. Bc4 Rae8 31. Re1 Qg5 32. Rfe4 Bf5 33. R4e3 Bg6 34. Qf2 Qg4 35. h3 Qd4 36. Kh1 Kh8 37. Qe2 Qh4 38. Rf1 Bh5 39. Qd2 Qg5 40. Qe1 Qe7 41. d6 Qb7 42. Qd2 Rd8 43. Bd5 Qb6 44. Rd3 Bg6 45. Rg3 Kh7 46. Qf4 Qb8 47. Qg4 Qc8 48. Qf4 Qb8 49. Qc4 Rde8 50. Bxf7 Bxf7 51. Rxf7 Rg8 52. Qe4+ Kh8 53. Rg6 Kh7 54. Rgxg7+ 1-0

[Event "Nordic Girls CC 2025 U20"]
[Site "Fredericia"]
[Date "2025.04.25"]
[Round "1.5"]
[White "Jonsdottir, Katrin Maria"]
[Black "Bruntse, Caroline Lindegaard"]
[Result "0-1"]
[WhiteElo "1565"]
[BlackElo "1827"]
[EventDate "2025.04.25"]
[EventType "swiss"]
[EventRounds "5"]
[EventCountry "DEN"]
[SourceTitle "Live v. Kasper Jerwiarz"]

1. e4 e5 2. Nf3 Nc6 3. Bc4 Nf6 4. d3 Be7 5. c3 O-O 6. O-O d6 7. h3 a6 8. a4 h6 9. b4 d5 10. exd5 Nxd5 11. Qb3 Nb6 12. Re1 Nxc4 13. dxc4 Qd6 14. Ba3 Qf6 15. Nbd2 Bf5 16. Qb2 Rfe8 17. Re3 Qg6 18. Kh2 e4 19. Nd4 Bd6+ 20. Kh1 Nxd4 21. cxd4 Bf4 22. Re2 Qh5 23. Nxe4 Bxe4 24. f3 Bc6 25. Rae1 Qg6 26. d5 Qg3 27. Kg1 Bd7 28. Qd4 Qxe1+ 29. Rxe1 Rxe1+ 30. Kf2 Be3+ 31. Kxe1 Bxd4 32. a5 Re8+ 33. Kd2 Bf5 0-1

[Event "Nordic Girls CC 2025 U20"]
[Site "Fredericia"]
[Date "2025.04.25"]
[Round "1.6"]
[White "Vashchenko, Diana"]
[Black "Soboleva, Lidiia"]
[Result "1-0"]
[WhiteElo "1821"]
[BlackElo "1416"]
[EventDate "2025.04.25"]
[EventType "swiss"]
[EventRounds "5"]
[EventCountry "DEN"]
[SourceTitle "Live v. Kasper Jerwiarz"]

1. d4 Nf6 2. Nf3 g6 3. c4 d5 4. Nc3 Bg7 5. Bg5 dxc4 6. e4 Bg4 7. Qa4+ c6 8. Qxc4 Bxf3 9. gxf3 b5 10. Qb3 Qxd4 11. Rd1 Qb6 12. Be3 Qb7 13. Nxb5 O-O 14. Nd4 Qxb3 15. Nxb3 Nbd7 16. Bg2 a5 17. f4 e5 18. fxe5 Nxe5 19. Bd4 Nc4 20. Rc1 a4 21. Rxc4 axb3 22. axb3 Rfe8 23. Bc3 Nxe4 24. O-O Bxc3 25. Bxe4 Rxe4 26. Rxe4 Bxb2 27. Rb1 Ra1 28. Rxa1 Bxa1 29. Rc4 f6 30. Rxc6 h5 31. b4 Kf7 32. b5 Ke7 33. b6 Be5 34. b7 Kd7 35. Rc8 1-0

[Event "Nordic Girls CC 2025 U20"]
[Site "Fredericia"]
[Date "2025.04.26"]
[Round "2.1"]
[White "Bruntse, Caroline Lindegaard"]
[Black "Ostensson, Julia"]
[Result "0-1"]
[WhiteElo "1827"]
[BlackElo "1986"]
[EventDate "2025.04.25"]
[EventType "swiss"]
[EventRounds "5"]
[EventCountry "DEN"]
[SourceTitle "Live v. Kasper Jerwiarz"]

1. d4 Nf6 2. c4 g6 3. Nc3 Bg7 4. e4 d6 5. f3 O-O 6. Be3 c5 7. Nge2 Nc6 8. d5 Ne5 9. Ng3 h5 10. Be2 h4 11. Nf1 e6 12. Bg5 Qb6 13. Qd2 exd5 14. cxd5 h3 15. g4 c4 16. Be3 Qa6 17. a4 Bd7 18. Ra2 Rac8 19. Rg1 Nd3+ 20. Bxd3 cxd3 21. Rg3 Nh7 22. Bh6 Be5 23. Rxh3 Rfe8 24. a5 Qc4 25. Ne3 Qb4 26. Ned1 Bb5 27. Nxb5 Qxb5 28. Nc3 Qb3 29. Ra3 Qxa3 30. bxa3 Bxc3 31. Bf4 Red8 32. Kd1 Bxd2 33. Kxd2 Rc5 34. Kxd3 Rxa5 35. Bc1 Rc8 36. Bb2 Rb5 0-1

[Event "Nordic Girls CC 2025 U20"]
[Site "Fredericia"]
[Date "2025.04.26"]
[Round "2.2"]
[White "Harshavardhini, M S"]
[Black "Vashchenko, Diana"]
[Result "0-1"]
[WhiteElo "1871"]
[BlackElo "1821"]
[EventDate "2025.04.25"]
[EventType "swiss"]
[EventRounds "5"]
[EventCountry "DEN"]
[SourceTitle "Live v. Kasper Jerwiarz"]

1. e4 c6 2. d4 d5 3. Nd2 dxe4 4. Nxe4 Bf5 5. Ng3 Bg6 6. h4 h6 7. Nf3 Nd7 8. h5 Bh7 9. Bd3 Bxd3 10. Qxd3 e6 11. Bf4 Ngf6 12. Ne5 Nxe5 13. Bxe5 Bd6 14. Bxd6 Qxd6 15. Ne4 Nxe4 16. Qxe4 Qb4+ 17. Ke2 Rd8 18. Rhd1 Qb5+ 19. Qd3 Qxh5+ 20. Qf3 Qxf3+ 21. Kxf3 Ke7 22. Rd3 Rd7 23. Rad1 Rhd8 24. Ke4 Rd5 25. Ra3 a6 26. Rb3 R8d7 27. Rdd3 Rg5 28. g3 Ra5 29. Rb6 Rb5 30. Rxb5 axb5 31. Ra3 Kd6 32. Ra8 f6 33. Re8 Re7 34. Rd8+ Kc7 35. Rg8 Kd6 36. Rd8+ Rd7 37. Re8 b6 38. Rb8 f5+ 39. Ke3 Ra7 40. a3 b4 41. axb4 Ra2 42. c4 b5 43. cxb5 cxb5 44. Rxb5 Rxb2 45. Rb6+ Kd5 46. Rb5+ Kd6 47. Rb6+ Kd5 48. Rb5+ Kc4 49. Rb6 Rb3+ 50. Kf4 Kd5 51. Rb5+ Kxd4 52. Rxf5 exf5 53. Kxf5 Rxb4 54. Kg6 Rb7 55. f4 Ke4 56. f5 Rb6+ 57. f6 gxf6 58. Kxh6 Kf3 59. Kh5 Kxg3 60. Kh6 f5+ 61. Kh5 f4 62. Kg5 Rb5+ 63. Kh6 f3 64. Kg6 f2 65. Kg7 Rb6 66. Kh7 f1=Q 67. Kg8 Rb7 68. Kh8 Qf8# 0-1

[Event "Nordic Girls CC 2025 U20"]
[Site "Fredericia"]
[Date "2025.04.26"]
[Round "2.3"]
[White "Helgadottir, Idunn"]
[Black "Bruntse, Kathrine Lindegaard"]
[Result "1-0"]
[WhiteElo "1788"]
[BlackElo "1864"]
[EventDate "2025.04.25"]
[EventType "swiss"]
[EventRounds "5"]
[EventCountry "DEN"]
[SourceTitle "Live v. Kasper Jerwiarz"]

1. d4 d5 2. c4 c6 3. cxd5 cxd5 4. Bf4 Nc6 5. e3 a6 6. Nc3 Nf6 7. Be2 Bf5 8. Nf3 e6 9. Qb3 Na5 10. Qa4+ Nc6 11. Ne5 Qb6 12. O-O Be7 13. h3 h6 14. Rfc1 O-O 15. Bd3 Bxd3 16. Nxd3 Nd7 17. Rab1 Qa7 18. Qd1 Rfc8 19. a4 Nb4 20. Nxb4 Bxb4 21. Na2 Be7 22. Rc2 Rc6 23. Rbc1 Rac8 24. b4 Nb6 25. Rxc6 Rxc6 26. Qb3 Rxc1+ 27. Nxc1 Nc4 28. Nd3 b6 29. Qc3 b5 30. a5 Qb7 31. Nc5 Qc6 32. f3 Bf8 33. Qd3 e5 34. Bg3 Bd6 35. Bh4 Bf8 36. Kf2 Bd6 37. Qf5 Bxc5 38. dxc5 Qe6 39. Qxe6 fxe6 40. c6 Kf7 41. Bd8 Ke8 42. Bc7 Ke7 43. Ke2 g5 44. g3 Nd6 45. Bb6 1-0

[Event "Nordic Girls CC 2025 U20"]
[Site "Fredericia"]
[Date "2025.04.26"]
[Round "2.4"]
[White "Lindstad, Livia"]
[Black "Karaliute, Urte"]
[Result "1-0"]
[WhiteElo "2009"]
[BlackElo "1580"]
[EventDate "2025.04.25"]
[EventType "swiss"]
[EventRounds "5"]
[EventCountry "DEN"]
[SourceTitle "Live v. Kasper Jerwiarz"]

1. e4 d5 2. exd5 Nf6 3. d4 Qxd5 4. Nc3 Qd6 5. Nf3 Bg4 6. Be2 e6 7. O-O Nc6 8. Be3 a6 9. Qd2 O-O-O 10. Rfd1 Qd7 11. a3 Bd6 12. b4 Na7 13. Qc1 Nd5 14. Ne4 Nxe3 15. fxe3 Bf5 16. Nf2 f6 17. e4 Bxe4 18. Nxe4 Qc6 19. Nxd6+ Rxd6 20. a4 Rhd8 21. c4 Kb8 22. b5 Qe4 23. Bd3 Qg4 24. c5 Rd5 25. bxa6 Nc6 26. Qb2 Na5 27. Qb4 b6 28. cxb6 Nc6 29. bxc7+ Kxc7 30. Qb7+ Kd6 31. Rac1 Nxd4 32. Qc7# 1-0

[Event "Nordic Girls CC 2025 U20"]
[Site "Fredericia"]
[Date "2025.04.26"]
[Round "2.5"]
[White "Christensen, Astrid Bigum"]
[Black "Jonsdottir, Katrin Maria"]
[Result "1-0"]
[WhiteElo "1783"]
[BlackElo "1565"]
[EventDate "2025.04.25"]
[EventType "swiss"]
[EventRounds "5"]
[EventCountry "DEN"]
[SourceTitle "Live v. Kasper Jerwiarz"]

1. d4 d5 2. c4 c6 3. Nf3 Nf6 4. Nc3 e6 5. e3 Nbd7 6. Bd2 Bd6 7. cxd5 Nxd5 8. e4 Nxc3 9. bxc3 e5 10. Bc4 b5 11. Bb3 h6 12. O-O O-O 13. Qc1 Re8 14. Re1 Nf6 15. Bxh6 gxh6 16. Qxh6 Be6 17. Bxe6 Rxe6 18. Qg5+ Kf8 19. dxe5 Be7 20. exf6 Bxf6 21. Qc5+ Be7 22. Qe3 Qa5 23. Nd4 Rf6 24. e5 Rg6 25. e6 Qc7 26. Qh3 Bf6 27. exf7 Kxf7 28. Qe6+ Kg7 29. Nf5+ Kh7 30. Rad1 Rd8 31. Ne7 Rxd1 32. Qf7+ Rg7 33. Qh5# 1-0

[Event "Nordic Girls CC 2025 U20"]
[Site "Fredericia"]
[Date "2025.04.26"]
[Round "2.6"]
[White "Soboleva, Lidiia"]
[Black "Kongskov, Andrea"]
[Result "0-1"]
[WhiteElo "1416"]
[BlackElo "1752"]
[EventDate "2025.04.25"]
[EventType "swiss"]
[EventRounds "5"]
[EventCountry "DEN"]
[SourceTitle "Live v. Kasper Jerwiarz"]

1. e4 b6 2. d4 Bb7 3. Nc3 e6 4. a3 Nf6 5. Bg5 Be7 6. Bd3 d5 7. Bxf6 Bxf6 8. e5 Be7 9. f4 c5 10. Nf3 Nc6 11. Be2 O-O 12. Qd2 cxd4 13. Nxd4 Nxd4 14. Qxd4 Bc5 15. Qd3 f6 16. Bf3 fxe5 17. fxe5 Qg5 18. Qe2 Rf5 19. h4 Qg3+ 20. Kd1 Qxe5 21. Qxe5 Rxe5 22. Kd2 Be3+ 23. Kd1 Bd4 24. Kd2 Rc8 25. Rh3 Be3+ 26. Kd1 Ba6 27. Be2 Bxe2+ 28. Kxe2 d4 29. Rb1 Bh6+ 30. Kd3 dxc3 31. bxc3 Rd5+ 32. Ke2 Rd2+ 0-1

[Event "Nordic Girls CC 2025 U20"]
[Site "Fredericia"]
[Date "2025.04.26"]
[Round "3.1"]
[White "Ostensson, Julia"]
[Black "Helgadottir, Idunn"]
[Result "0-1"]
[WhiteElo "1986"]
[BlackElo "1788"]
[EventDate "2025.04.25"]
[EventType "swiss"]
[EventRounds "5"]
[EventCountry "DEN"]
[SourceTitle "Live v. Kasper Jerwiarz"]

1. d4 d5 2. c4 e6 3. Nf3 a6 4. cxd5 exd5 5. Nc3 Nf6 6. Bg5 c6 7. Qc2 Bd6 8. e3 O-O 9. Bd3 h6 10. Bh4 Be6 11. O-O Re8 12. Rab1 Nbd7 13. Bg3 Bxg3 14. hxg3 Bg4 15. b4 b5 16. Nd2 Nb6 17. a4 Nc4 18. Ra1 Qd6 19. Nb3 Nxe3 20. fxe3 Rxe3 21. Nc5 Rxg3 22. Ne2 Re3 23. Qd2 Rae8 24. Nf4 g5 25. Nfe6 R3xe6 26. Nxe6 Rxe6 27. axb5 axb5 28. Rae1 Ne4 29. Bxe4 dxe4 30. Qc3 Qd5 31. Ra1 Rd6 32. Ra8+ Kg7 33. Ra7 Bh5 34. g4 Bg6 35. Rd1 Rf6 36. Qc5 Qb3 37. Rd2 Qe3+ 38. Kh1 Rf1+ 0-1

[Event "Nordic Girls CC 2025 U20"]
[Site "Fredericia"]
[Date "2025.04.26"]
[Round "3.2"]
[White "Vashchenko, Diana"]
[Black "Lindstad, Livia"]
[Result "1/2-1/2"]
[WhiteElo "1821"]
[BlackElo "2009"]
[EventDate "2025.04.25"]
[EventType "swiss"]
[EventRounds "5"]
[EventCountry "DEN"]
[SourceTitle "Live v. Kasper Jerwiarz"]

1. e4 c5 2. Nf3 e6 3. c3 d5 4. exd5 exd5 5. Bb5+ Bd7 6. Bxd7+ Qxd7 7. d4 cxd4 8. Nxd4 Nc6 9. O-O Bd6 10. Nb5 Nge7 11. Nxd6+ Qxd6 12. Nd2 O-O 13. Ne4 Qg6 14. Ng3 b5 15. Be3 Rfd8 16. Bc5 Nf5 17. Nxf5 Qxf5 18. a3 Ne5 19. Bd4 Nc4 20. b3 Na5 21. a4 bxa4 22. Rxa4 Nc6 23. Be3 1/2-1/2

[Event "Nordic Girls CC 2025 U20"]
[Site "Fredericia"]
[Date "2025.04.26"]
[Round "3.3"]
[White "Bruntse, Kathrine Lindegaard"]
[Black "Harshavardhini, M S"]
[Result "1/2-1/2"]
[WhiteElo "1864"]
[BlackElo "1871"]
[EventDate "2025.04.25"]
[EventType "swiss"]
[EventRounds "5"]
[EventCountry "DEN"]
[SourceTitle "Live v. Kasper Jerwiarz"]

1. d4 Nf6 2. c4 g6 3. Nc3 Bg7 4. e4 d6 5. Nf3 O-O 6. Be2 e5 7. Be3 Nbd7 8. O-O h6 9. h3 Ne8 10. dxe5 Nxe5 11. Nxe5 Bxe5 12. Bxh6 Ng7 13. Be3 Qh4 14. f4 Bxc3 15. bxc3 Be6 16. Qe1 Qxe1 17. Raxe1 b6 18. Bd3 f5 19. e5 dxe5 20. fxe5 Rad8 21. Rd1 c5 22. Bg5 Rd7 23. Be2 Rff7 24. Rd6 Kf8 25. Rfd1 Rxd6 26. exd6 Ke8 27. g3 Kd7 28. a4 Nh5 29. Kg2 f4 30. Bxh5 gxh5 31. Bxf4 Bxc4 32. Re1 Bb3 33. Ra1 Bd5+ 34. Kh2 Rf6 35. Re1 Re6 36. Rxe6 Bxe6 37. Kg2 Kc6 38. g4 hxg4 39. hxg4 Bxg4 40. Kg3 Bd1 41. a5 b5 42. Kf2 b4 43. cxb4 cxb4 44. Ke1 Bg4 45. Kd2 Kb5 46. Be3 a6 47. Bb6 Ka4 48. Kc2 Ka3 49. Bd4 Ka2 50. Bb2 Bf5+ 51. Kc1 Kb3 52. Bf6 Kc4 53. Kb2 Kc5 54. Be7 Kb5 55. Bd8 Be6 56. Bb6 1/2-1/2

[Event "Nordic Girls CC 2025 U20"]
[Site "Fredericia"]
[Date "2025.04.26"]
[Round "3.4"]
[White "Kongskov, Andrea"]
[Black "Bruntse, Caroline Lindegaard"]
[Result "1/2-1/2"]
[WhiteElo "1752"]
[BlackElo "1827"]
[EventDate "2025.04.25"]
[EventType "swiss"]
[EventRounds "5"]
[EventCountry "DEN"]
[SourceTitle "Live v. Kasper Jerwiarz"]

1. e4 e5 2. Nf3 Nc6 3. d4 exd4 4. Bc4 Bb4+ 5. c3 dxc3 6. bxc3 Ba5 7. O-O Nge7 8. Ng5 Ne5 9. Nxf7 Nxf7 10. Bxf7+ Kxf7 11. Qh5+ g6 12. Qxa5 d6 13. c4 Nc6 14. Qc3 Rg8 15. Bb2 Qe7 16. Nd2 Bd7 17. f4 Raf8 18. e5 Ke8 19. exd6 cxd6 20. Ne4 Bf5 21. Nf6+ Rxf6 22. Qxf6 Qxf6 23. Bxf6 Kf7 24. Bc3 Be6 25. Rab1 b6 26. Bb4 Bxc4 27. Rf2 d5 28. f5 gxf5 29. Rxf5+ Ke6 30. Rf2 Nxb4 31. Rxb4 b5 32. Rb1 Rg7 33. a3 d4 34. Rd1 d3 35. Rf3 Rd7 36. Kf2 Ke5 37. Ke3 Re7 38. Rxd3 1/2-1/2

[Event "Nordic Girls CC 2025 U20"]
[Site "Fredericia"]
[Date "2025.04.26"]
[Round "3.5"]
[White "Karaliute, Urte"]
[Black "Christensen, Astrid Bigum"]
[Result "1-0"]
[WhiteElo "1580"]
[BlackElo "1783"]
[EventDate "2025.04.25"]
[EventType "swiss"]
[EventRounds "5"]
[EventCountry "DEN"]
[SourceTitle "Live v. Kasper Jerwiarz"]

1. e4 c5 2. c3 Nf6 3. e5 Nd5 4. d4 cxd4 5. Nf3 e6 6. cxd4 d6 7. Bc4 Nb6 8. Bb3 Be7 9. Nc3 O-O 10. O-O d5 11. Qd3 f5 12. exf6 Bxf6 13. Bc2 g6 14. Bh6 Rf7 15. Rae1 Nc6 16. a3 Nc4 17. Qd1 Bg7 18. Bg5 Bf6 19. h4 Nd6 20. Ne5 Rg7 21. Bh6 Nf5 22. Bxf5 exf5 23. Bxg7 Kxg7 24. h5 Bxe5 25. dxe5 Be6 26. Qd2 a6 27. hxg6 hxg6 28. Ne2 Nxe5 29. Nd4 Qd6 30. f4 Ng4 31. Nxe6+ Kg8 32. Qd4 Qd7 33. Rf3 Re8 34. Rh3 Rxe6 35. Rh8+ Kf7 36. Rh7+ Ke8 37. Qh8# 1-0

[Event "Nordic Girls CC 2025 U20"]
[Site "Fredericia"]
[Date "2025.04.26"]
[Round "3.6"]
[White "Jonsdottir, Katrin Maria"]
[Black "Soboleva, Lidiia"]
[Result "1-0"]
[WhiteElo "1565"]
[BlackElo "1416"]
[EventDate "2025.04.25"]
[EventType "swiss"]
[EventRounds "5"]
[EventCountry "DEN"]
[SourceTitle "Live v. Kasper Jerwiarz"]

1. e4 c5 2. Nf3 Nc6 3. d4 cxd4 4. Nxd4 e5 5. Nb5 d6 6. c4 a6 7. N5a3 Nf6 8. Nc3 Qb6 9. Be2 Be7 10. b3 O-O 11. O-O Be6 12. Nc2 Rac8 13. Be3 Qc7 14. h3 Rfd8 15. Nd5 Bxd5 16. exd5 Na5 17. Rc1 b5 18. cxb5 axb5 19. Bxb5 Qb7 20. Qd3 Qxd5 21. Bb6 Qxd3 22. Bxd3 Nxb3 23. axb3 Rf8 24. Rfd1 d5 25. Ne3 d4 26. Nf5 Ba3 27. Ra1 Rc6 28. Bxd4 Bc5 29. Bxe5 Rb6 30. Bxf6 Rxf6 31. Rdc1 Bb6 32. Ra2 Rd8 33. Rc8 Rxf5 34. Rxd8+ Bxd8 35. Bxf5 1-0

[Event "Nordic Girls CC 2025 U20"]
[Site "Fredericia"]
[Date "2025.04.27"]
[Round "4.1"]
[White "Helgadottir, Idunn"]
[Black "Vashchenko, Diana"]
[Result "0-1"]
[WhiteElo "1788"]
[BlackElo "1821"]
[EventDate "2025.04.25"]
[EventType "swiss"]
[EventRounds "5"]
[EventCountry "DEN"]
[SourceTitle "Live v. Kasper Jerwiarz"]

1. d4 Nf6 2. c4 c5 3. d5 b5 4. cxb5 a6 5. b6 Qxb6 6. Nc3 d6 7. e4 g6 8. Be2 Bg7 9. Nf3 Bg4 10. Nd2 Bxe2 11. Qxe2 O-O 12. O-O Nbd7 13. Nc4 Qd8 14. Bf4 Nh5 15. Bg5 Ne5 16. Nxe5 Bxe5 17. f4 Bd4+ 18. Kh1 f6 19. Bh6 Ng7 20. Rf3 f5 21. Rd1 Qd7 22. e5 dxe5 23. fxe5 Rfd8 24. e6 Qc7 25. Qc4 Qb6 26. Na4 Qb5 27. b3 Qxc4 28. bxc4 Rab8 29. Rb3 a5 30. Bf4 Rb4 31. Nb6 Ne8 32. Bd2 Rb8 33. Bxb4 axb4 34. Nd7 Ra8 35. Rd2 Nd6 36. Rc2 Ne4 37. g3 Nc3 38. Nb6 Ra6 39. Nd7 Nxa2 40. Nb8 Ra8 41. Nc6 Bf6 42. Kg2 Nc3 43. Nxb4 cxb4 44. Rxb4 Rc8 45. Rcb2 Be5 46. Rd2 Bd6 47. Rb7 Rxc4 48. Ra7 Ne4 49. Rb2 Rd4 50. Ra8+ Kg7 51. Rc2 Rxd5 52. Rcc8 Rd2+ 53. Kh1 Kf6 54. Ra1 Kxe6 55. Rh8 Ng5 56. Rf1 Be5 57. Ra8 Ne4 58. Ra6+ Rd6 59. Ra3 h5 60. Re1 Kf6 61. Re2 Rd1+ 62. Kg2 Rd2 63. Ra6+ Bd6 64. Rxd2 Nxd2 65. Kf2 Ne4+ 66. Kf3 e6 67. Ra8 g5 68. Rh8 Be5 69. Rh7 g4+ 70. Ke3 Kg6 71. Re7 Ng5 72. Kf2 Bd6 73. Rb7 Bc5+ 74. Kg2 Nf3 75. Rb3 h4 76. h3 Ne1+ 77. Kh2 Bd6 78. hxg4 fxg4 0-1

[Event "Nordic Girls CC 2025 U20"]
[Site "Fredericia"]
[Date "2025.04.27"]
[Round "4.2"]
[White "Harshavardhini, M S"]
[Black "Ostensson, Julia"]
[Result "0-1"]
[WhiteElo "1871"]
[BlackElo "1986"]
[EventDate "2025.04.25"]
[EventType "swiss"]
[EventRounds "5"]
[EventCountry "DEN"]
[SourceTitle "Live v. Kasper Jerwiarz"]

1. e4 d6 2. d4 Nf6 3. Nc3 Nbd7 4. f4 e5 5. Nf3 exd4 6. Qxd4 c6 7. h3 d5 8. Bd2 Bc5 9. Qd3 dxe4 10. Qe2 Qe7 11. Ng5 e3 12. Bc1 h6 13. Nf3 Nh5 14. Qc4 Ng3 15. Rh2 Nb6 16. Qd3 Bf5 17. Qd1 Rd8 18. Bd3 O-O 19. Ne2 Bb4+ 20. Nd2 exd2+ 21. Bxd2 Bxd2+ 22. Kxd2 Bxd3 23. cxd3 Qb4+ 24. Kc2 Qc5+ 25. Nc3 Rfe8 26. Rc1 Ne2 27. g4 Nxc1 28. Qxc1 Nd5 29. a3 Nxc3 30. bxc3 Re3 31. Rd2 Qb5 32. c4 Qa4+ 33. Kc3 b5 34. Rd1 Re2 35. g5 Qa5+ 36. Kb3 bxc4+ 37. dxc4 Rb8# 0-1

[Event "Nordic Girls CC 2025 U20"]
[Site "Fredericia"]
[Date "2025.04.27"]
[Round "4.3"]
[White "Lindstad, Livia"]
[Black "Kongskov, Andrea"]
[Result "1-0"]
[WhiteElo "2009"]
[BlackElo "1752"]
[EventDate "2025.04.25"]
[EventType "swiss"]
[EventRounds "5"]
[EventCountry "DEN"]
[SourceTitle "Live v. Kasper Jerwiarz"]

1. e4 b6 2. d4 Bb7 3. Bd3 e6 4. Nf3 c5 5. c3 d5 6. e5 Nc6 7. O-O Nge7 8. Re1 cxd4 9. cxd4 Qc8 10. Bd2 Nf5 11. Qa4 a6 12. Bxf5 exf5 13. Qb3 b5 14. Na3 Be7 15. Rac1 Qe6 16. Nc2 O-O 17. Ne3 Rfd8 18. Qd3 Bc8 19. Nxf5 Qxf5 20. Qxf5 Bxf5 21. Rxc6 Rdc8 22. Rec1 Bd7 23. Rc7 Rd8 24. e6 fxe6 25. Ne5 Bf6 26. Nxd7 Bxd4 27. Bc3 Bxc3 28. R1xc3 d4 29. Rd3 Rac8 30. Rxc8 Rxc8 31. g3 Rc2 32. Rxd4 Rxb2 33. a3 Kf7 34. Nc5 a5 35. Re4 b4 36. axb4 Rxb4 37. Re1 Rb6 38. Ra1 Rb5 39. Ne4 Ke7 40. Nd2 Kd6 41. Nc4+ Kc5 42. Nxa5 Rb4 43. Rc1+ Kd5 44. Rc7 Rb5 45. Nb7 g5 46. Rxh7 Ke5 47. Kg2 g4 48. Rh5+ 1-0

[Event "Nordic Girls CC 2025 U20"]
[Site "Fredericia"]
[Date "2025.04.27"]
[Round "4.4"]
[White "Bruntse, Caroline Lindegaard"]
[Black "Bruntse, Kathrine Lindegaard"]
[Result "1/2-1/2"]
[WhiteElo "1827"]
[BlackElo "1864"]
[EventDate "2025.04.25"]
[EventType "swiss"]
[EventRounds "5"]
[EventCountry "DEN"]
[SourceTitle "Live v. Kasper Jerwiarz"]

1. d4 d5 2. c4 c6 3. Nc3 Nf6 4. cxd5 cxd5 5. Bf4 Nc6 6. e3 a6 7. Nf3 Bf5 8. Bd3 Bxd3 9. Qxd3 e6 10. O-O Bd6 11. Bxd6 Qxd6 12. a3 O-O 13. Rfc1 Rfc8 14. b4 b5 15. Nd2 Nd7 16. Nb3 Nb6 17. Nc5 Nc4 18. Nb7 Qc7 19. Nc5 Qd6 20. Nb7 Qc7 21. Nc5 Qd6 22. Nb7 Qc7 1/2-1/2

[Event "Nordic Girls CC 2025 U20"]
[Site "Fredericia"]
[Date "2025.04.27"]
[Round "4.5"]
[White "Karaliute, Urte"]
[Black "Jonsdottir, Katrin Maria"]
[Result "1/2-1/2"]
[WhiteElo "1580"]
[BlackElo "1565"]
[EventDate "2025.04.25"]
[EventType "swiss"]
[EventRounds "5"]
[EventCountry "DEN"]
[SourceTitle "Live v. Kasper Jerwiarz"]

1. e4 c5 2. c3 d5 3. exd5 Qxd5 4. Nf3 Nc6 5. Na3 Bf5 6. Bc4 Qd7 7. O-O Nf6 8. Re1 e6 9. d3 a6 10. Nc2 b5 11. Ne3 Bg6 12. Bb3 Bxd3 13. a4 Rd8 14. axb5 axb5 15. Bc2 Be7 16. Bxd3 Qxd3 17. Qxd3 Rxd3 18. Ra6 Rd6 19. Rb6 Na7 20. Rb7 Rd7 21. Rb8+ Rd8 22. Rb7 Rd7 23. Rb8+ Rd8 24. Rb7 1/2-1/2

[Event "Nordic Girls CC 2025 U20"]
[Site "Fredericia"]
[Date "2025.04.27"]
[Round "4.6"]
[White "Christensen, Astrid Bigum"]
[Black "Soboleva, Lidiia"]
[Result "1/2-1/2"]
[WhiteElo "1783"]
[BlackElo "1416"]
[EventDate "2025.04.25"]
[EventType "swiss"]
[EventRounds "5"]
[EventCountry "DEN"]
[SourceTitle "Live v. Kasper Jerwiarz"]

1. d4 Nf6 2. c4 g6 3. g3 Bg7 4. Bg2 d5 5. Nf3 O-O 6. O-O e6 7. Bg5 dxc4 8. e4 Qd7 9. Nc3 Nc6 10. Re1 h6 11. Bf4 a6 12. Qa4 Nxd4 13. Nxd4 Qxd4 14. Be3 Qd7 15. Qxc4 b5 16. Qc5 Bb7 17. Rad1 Qc8 18. e5 Ng4 19. f4 Bxg2 20. Kxg2 Qb7+ 21. Kh3 Nxe3 22. Rxe3 Rfd8 23. Red3 Rxd3 24. Rxd3 Bf8 25. Qe3 c5 26. Ne4 c4 27. Rd7 Qc6 28. Qd4 Kg7 29. g4 Bc5 30. Nxc5 Qf3+ 31. Kh4 g5+ 32. fxg5 hxg5+ 33. Kxg5 Rg8 34. Rd8 Rxd8 35. Qxd8 Qe3+ 36. Kh4 Qf2+ 37. Kg5 Qe3+ 1/2-1/2